000 01342nam a22004457a 4500
001 BR6003011
003 BR-BrBNA
005 20230928083143.0
007 ta
008 230509b bl.||||| |||| 00| 0 por d
040 _aBR-BrBNA
_bpor
_cBiblioteca Nacional de Agricultura
041 _a(Por)
072 _aE70; S00
_b9000
_b/G514
090 _ 9000 BR6003011
110 1 _aBanco do Nordeste do Brasil S.A., Fortaleza, CE. Depto. de Estudos Economicos do Nordeste;
_91157
110 1 _aSuperintendencia do Desenvolvimento do Nordeste, Fortaleza, CE (Brasil). Depto. de Agricultura e Abastecimento
_910125
245 1 _aAbastecimento de generos alimenticios da cidade de Sao Luis [Maranhao, Brasil]
260 3 _aFortaleza, CE (Brasil):
_c1965.
300 _a116 p.
500 _a50 illus.
650 _aCONSUMO ALIMENTAR
650 _aDEMOGRAFIA
650 _aRENDA
650 _aPADRAO DE ALIMENTO
650 _aABASTECIMENTO
650 _aARMAZENAMENTO DE ALIMENTO
650 _aABATEDOURO
650 _aALIMENTO VEGETAL
650 _aALIMENTO ANIMAL
650 _aPRECO
650 _aCLIMA
650 _aHIDROGRAFIA
650 _aSOLO
650 _aTRANSPORTE
650 _aINDUSTRIA ALIMENTICIA
650 _aSAO LUIS
650 _aMARANHAO
909 _a202309
_bLucia
_c55
_dLucia Elande
942 _cBK
999 _c11864
_d11864